[Event "?"]
[Site "?"]
[Date "????.??.??"]
[Round "?"]
[White "Chojnowski, M."]
[Black "Kovalenko, V."]
[Result "0-1"]
[WhiteElo "2015"]
[BlackElo "2068"]
[PlyCount "88"]
[EventDate "2015.??.??"]

1. e4 c5 2. Nf3 Nc6 3. Bb5 g6 4. Bxc6 dxc6 5. d3 Bg7 6. Nc3 Nf6 7. Be3 b6 8.
Qd2 Ng4 9. Bg5 h6 10. Bf4 Nf6 11. h3 Be6 12. O-O Qc8 13. d4 cxd4 14. Nxd4 Kf8
15. Rad1 Kg8 16. Nxe6 Qxe6 17. e5 Nh5 18. Bh2 Bxe5 19. Bxe5 Qxe5 20. Rfe1 Qc7
21. Qd7 Qxd7 22. Rxd7 e6 23. Rc7 c5 24. Nb5 Nf4 25. Kh2 Kg7 26. Nd6 Rhf8 27.
Re4 Nd5 28. Rb7 Rad8 29. Nc4 Rb8 30. Rxa7 Ra8 31. Rb7 Rab8 32. Rxb8 Rxb8 33.
Ne3 Ra8 34. a3 Rd8 35. Kg3 f5 36. Nxd5 fxe4 37. Nxb6 Rd2 38. Kf4 Rxf2+ 39. Kxe4
Rxc2 40. b4 cxb4 41. axb4 Rb2 42. Nd7 Rxb4+ 43. Ke5 Rb2 44. Kxe6 Rxg2 0-1

[Event "?"]
[Site "?"]
[Date "????.??.??"]
[Round "?"]
[White "Suder, R."]
[Black "Mekus, M."]
[Result "1-0"]
[WhiteElo "2128"]
[BlackElo "1628"]
[PlyCount "133"]
[EventDate "2015.??.??"]

1. Nf3 d6 2. d4 g6 3. e4 Bg7 4. Nc3 Nd7 5. Be2 e5 6. Be3 Ngf6 7. h3 O-O 8. O-O
Re8 9. dxe5 dxe5 10. Qd2 c6 11. a4 a5 12. Bc4 Qc7 13. Rfd1 Nf8 14. Qd6 Qxd6 15.
Rxd6 Be6 16. Be2 Rad8 17. Rad1 Rxd6 18. Rxd6 N8d7 19. Ng5 Bf8 20. Rd1 Bc5 21.
Bxc5 Nxc5 22. f3 Bc8 23. Bc4 Ne6 24. Nxe6 Bxe6 25. Bxe6 Rxe6 26. Rd8+ Re8 27.
Rd6 Kg7 28. Nb1 Re7 29. Nd2 Rd7 30. Nc4 Rxd6 31. Nxd6 b6 32. c3 Nd7 33. b4 axb4
34. cxb4 Kf8 35. a5 bxa5 36. bxa5 Nb8 37. Nc4 f6 38. Kf2 Ke7 39. Ke3 Na6 40.
Kd3 Kd7 41. Kc3 Kc7 42. Ne3 Nc5 43. Kc4 Ne6 44. Ng4 f5 45. exf5 gxf5 46. Nxe5
Nf4 47. g4 Nxh3 48. gxf5 Ng5 49. f6 h5 50. f7 Nh7 51. Ng6 Kb7 52. Kc5 Ka6 53.
Kxc6 Kxa5 54. Kd5 Kb6 55. Ke5 Kc7 56. f8=Q Nxf8 57. Nxf8 h4 58. Ne6+ Kd7 59.
Ng5 Ke7 60. f4 Kf8 61. Kf6 Kg8 62. Ke7 Kg7 63. f5 Kh6 64. Nf3 h3 65. f6 Kh5 66.
f7 Kg4 67. f8=Q 1-0

[Event "?"]
[Site "?"]
[Date "????.??.??"]
[Round "?"]
[White "Mikheev, S."]
[Black "Mackowiak, M."]
[Result "1-0"]
[WhiteElo "2296"]
[BlackElo "2140"]
[PlyCount "123"]
[EventDate "2015.??.??"]

1. d4 Nf6 2. c4 e6 3. Nf3 d5 4. g3 b6 5. cxd5 exd5 6. Bg2 Bb7 7. Nc3 Be7 8. O-O
O-O 9. Ne5 Nbd7 10. Qa4 Nb8 11. Rd1 a6 12. Bf4 Ne4 13. Nxe4 dxe4 14. d5 Bf6 15.
Bxe4 Qe8 16. Nc6 Bxb2 17. Rab1 Bxc6 18. dxc6 Be5 19. Bxh7+ Kxh7 20. Qe4+ Kg8
21. Qxe5 Nxc6 22. Qxc7 Rc8 23. Qxb6 Qxe2 24. a4 Qe4 25. a5 Rfe8 26. Rbc1 g5 27.
Bc7 Rxc7 28. Qxc7 Ne5 29. Qc2 Qa8 30. Rd3 Nf3+ 31. Rxf3 Qxf3 32. h3 Re2 33. Qc5
Qf6 34. Rd1 Kh7 35. Kg2 Kg7 36. Rd5 Kh7 37. Rf5 Qe7 38. Qxe7 Rxe7 39. Rxg5 Re4
40. Rc5 Ra4 41. h4 Kg7 42. f3 f6 43. g4 Kg6 44. Kg3 Ra1 45. h5+ Kh6 46. Rc6
Rxa5 47. Rxf6+ Kg7 48. Rg6+ Kh7 49. Rb6 Ra1 50. g5 a5 51. Rb7+ Kg8 52. Kg4 Rc1
53. h6 Rc6 54. Ra7 Rc5 55. f4 Rb5 56. g6 Rb8 57. Rxa5 Rc8 58. Kg5 Rb8 59. f5
Rc8 60. Ra7 Rb8 61. h7+ Kh8 62. Kh6 1-0

[Event "?"]
[Site "?"]
[Date "????.??.??"]
[Round "?"]
[White "Wassin, S."]
[Black "Babarykin, S."]
[Result "0-1"]
[WhiteElo "2290"]
[BlackElo "2369"]
[PlyCount "54"]
[EventDate "2015.??.??"]

1. d4 f5 2. Nc3 Nf6 3. Bg5 d5 4. e3 e6 5. Bd3 c5 6. dxc5 Bxc5 7. Nf3 Nc6 8. O-O
O-O 9. Na4 Bd6 10. c4 h6 11. Bxf6 Qxf6 12. cxd5 exd5 13. Nc3 Be6 14. Nb5 Rad8
15. Nbd4 Nxd4 16. exd4 Bf7 17. Qd2 Bh5 18. Be2 Rfe8 19. Rae1 Re4 20. Qa5 Rde8
21. Bb5 Bxf3 22. Bxe8 Rg4 23. Bf7+ Kxf7 24. g3 Qh4 25. Re5 Bxe5 26. dxe5 Qh3
27. Qc7+ Kg6 0-1

[Event "?"]
[Site "?"]
[Date "????.??.??"]
[Round "?"]
[White "Grigorchuk, S."]
[Black "Zimmer, R."]
[Result "1/2-1/2"]
[WhiteElo "2278"]
[BlackElo "1985"]
[PlyCount "145"]
[EventDate "2015.??.??"]

1. d4 d5 2. c4 e6 3. Nc3 c5 4. e3 cxd4 5. exd4 Nf6 6. Nf3 Be7 7. cxd5 Nxd5 8.
Bd3 O-O 9. O-O Nc6 10. Re1 Ncb4 11. Bb1 Qc7 12. a3 Nxc3 13. bxc3 Nd5 14. Qd3 g6
15. Bh6 Rd8 16. c4 Nf6 17. Ba2 b6 18. Ne5 Bb7 19. Qh3 Rxd4 20. Nxf7 Bc5 21. Ng5
Rg4 22. Nf3 Qc6 23. Kf1 Re4 24. Ng5 Rxe1+ 25. Rxe1 Qxg2+ 26. Qxg2 Bxg2+ 27.
Kxg2 Ng4 28. Nxe6 Nxh6 29. Bb1 Re8 30. Be4 Bxa3 31. Bd5 Kh8 32. Ra1 Bd6 33.
Rxa7 Nf5 34. Rb7 Rb8 35. Rd7 Re8 36. Rb7 Rb8 37. Rf7 Re8 38. Ng5 Re7 39. Rf8+
Kg7 40. Rg8+ Kf6 41. Ne4+ Ke5 42. Nxd6 Nxd6 43. Rd8 g5 44. Rg8 Kd4 45. Rxg5
Nxc4 46. Bxc4 Kxc4 47. f4 b5 48. Kf3 b4 49. Rg1 b3 50. f5 b2 51. Kf4 Kb3 52. f6
Rc7 53. Rb1 Kc2 54. Rf1 Kb3 55. Rb1 Ka2 56. Rxb2+ Kxb2 57. Ke5 Kc3 58. Ke6 Kd4
59. f7 Rc8 60. Ke7 Ke5 61. f8=Q Rxf8 62. Kxf8 Kf6 63. Ke8 h5 64. Kd7 h4 65. Kd6
Kf5 66. Kd5 h3 67. Kd4 Kf4 68. Kd3 Kf3 69. Kd2 Kg2 70. Ke2 Kxh2 71. Kf2 Kh1 72.
Kf1 h2 73. Kf2 1/2-1/2

[Event "?"]
[Site "?"]
[Date "????.??.??"]
[Round "?"]
[White "Gurbanov, A."]
[Black "Dukaczewski, P."]
[Result "1/2-1/2"]
[WhiteElo "2336"]
[BlackElo "2261"]
[PlyCount "194"]
[EventDate "2015.??.??"]

1. d4 f5 2. Nc3 Nf6 3. Bf4 d6 4. e3 Nc6 5. h3 g6 6. Be2 Bg7 7. g4 e6 8. gxf5
exf5 9. h4 Ne4 10. Nd5 Ne7 11. Nxe7 Qxe7 12. Nf3 Bd7 13. Ng5 O-O-O 14. Nxe4
fxe4 15. Qd2 Bf6 16. Bg3 Kb8 17. O-O-O d5 18. Kb1 Qe6 19. Rc1 Bc6 20. c4 Rd7
21. cxd5 Bxd5 22. Qa5 b6 23. Qa4 Rc8 24. Rc3 Ka8 25. Ba6 Bb7 26. Ra3 c5 27. d5
Rxd5 28. Bc4 a5 29. Bxd5 Bxd5 30. Rd1 Kb7 31. Qb5 Rd8 32. Rc1 Bc6 33. Qe2 Qd7
34. Qc4 Re8 35. Rb3 Bd5 36. Rd1 Bxc4 37. Rxd7+ Ka6 38. Rxb6+ Kxb6 39. Rd6+ Kb5
40. Rxf6 Bd3+ 41. Kc1 Bc4 42. b3 Be6 43. h5 gxh5 44. Rh6 a4 45. Kb2 axb3 46.
axb3 Bf7 47. Rxh7 Re7 48. Rh6 Rb7 49. Bh4 Rd7 50. Rf6 Rd2+ 51. Kc1 Rd7 52. Kb2
Kb4 53. Rb6+ Ka5 54. Rc6 Kb5 55. Rf6 Rb7 56. f3 exf3 57. Rxf3 Kc6 58. Rf6+ Kd5
59. Rf5+ Kd6 60. Bg3+ Kc6 61. Rf6+ Kd5 62. Rf5+ Ke4 63. Rxc5 Rxb3+ 64. Kc2 Rb7
65. Rc7 Bb3+ 66. Kd2 Rb5 67. Bf4 Kf3 68. Rc8 Be6 69. Rh8 Rd5+ 70. Kc3 Kg4 71.
Rh6 Bf5 72. Rh8 h4 73. Rg8+ Kf3 74. Rg5 Ke4 75. Rg8 h3 76. Re8+ Kf3 77. Re5 Rd8
78. Kc4 Be4 79. Rg5 Ke2 80. Ra5 Rd2 81. Rh5 Bg2 82. Rh8 Kf3 83. Rh4 Rd7 84. Rh8
Ke4 85. Rh5 Rd8 86. Re5+ Kf3 87. Rh5 Bf1+ 88. Kc5 Kg2 89. Rg5+ Kh1 90. Rh5 Rg8
91. Kd6 Kg2 92. Ke7 Be2 93. Rh6 Bf3 94. Rh4 Ra8 95. Kf6 Ra5 96. Kg6 Rb5 97. Kg7
Ra5 1/2-1/2

[Event "?"]
[Site "?"]
[Date "????.??.??"]
[Round "?"]
[White "Mate, B."]
[Black "Gruender, M."]
[Result "1-0"]
[WhiteElo "2121"]
[BlackElo "1999"]
[PlyCount "83"]
[EventDate "2015.??.??"]

1. e4 g6 2. d4 Bg7 3. Nc3 d6 4. f4 a6 5. Nf3 b5 6. a3 Nd7 7. Be2 c5 8. O-O cxd4
9. Nxd4 Bb7 10. Bf3 Ngf6 11. Be3 Rc8 12. Rb1 Nc5 13. e5 dxe5 14. Bxb7 Nxb7 15.
fxe5 Rxc3 16. bxc3 Nd5 17. Qf3 O-O 18. Bf2 Na5 19. e6 fxe6 20. Qh3 Nf4 21. Qg4
e5 22. Nb3 h5 23. Qf3 Nc4 24. Rbd1 Qc8 25. Bc5 Kh7 26. Kh1 Ne6 27. Qh3 Nxc5 28.
Rxf8 Qxh3 29. gxh3 Bxf8 30. Nxc5 Nd6 31. Nxa6 Bh6 32. Re1 e4 33. Re2 Bc1 34.
Nc5 e3 35. Nb3 Bxa3 36. Rxe3 Nc4 37. Rd3 Kg7 38. Rd5 Nd6 39. Nd4 Bb2 40. Nxb5
Nxb5 41. Rxb5 Bxc3 42. Kg2 1-0

[Event "?"]
[Site "?"]
[Date "????.??.??"]
[Round "?"]
[White "Malyuga, V."]
[Black "Krause, S."]
[Result "1/2-1/2"]
[WhiteElo "2150"]
[BlackElo "1926"]
[PlyCount "104"]
[EventDate "2015.??.??"]

1. Nf3 Nf6 2. g3 d5 3. Bg2 g6 4. O-O Bg7 5. c4 O-O 6. cxd5 Nxd5 7. Nc3 c5 8.
Qb3 Nb6 9. d3 Nc6 10. Be3 Nd4 11. Qd1 Bd7 12. Rc1 Bc6 13. b3 Rc8 14. Ne4 Bxe4
15. dxe4 e5 16. Bh3 Rc7 17. Kg2 Qe7 18. Qd2 Rd8 19. Rfd1 c4 20. Bxd4 exd4 21.
Qf4 Rc6 22. e5 Rc5 23. Rxd4 Rxd4 24. Qxd4 Bxe5 25. Nxe5 Qxe5 26. e3 Qxd4 27.
exd4 Rd5 28. bxc4 Rxd4 29. c5 Nc4 30. Rb1 Na5 31. Bc8 Rc4 32. Bxb7 Rxc5 33. Bf3
Rc2 34. Rb8+ Kg7 35. Ra8 Rc7 36. Be2 Nc6 37. a4 Nd4 38. Bd3 Nb3 39. Bb1 Nd4 40.
Be4 Re7 41. Bd3 Rc7 42. a5 Rd7 43. a6 Ne6 44. Be4 Nc5 45. Bc6 Rd6 46. Bb5 Nxa6
47. Rxa7 Nb4 48. Be8 Rf6 49. f4 Nd3 50. Rc7 Nb4 51. Rc4 Rb6 52. Rc7 Rf6 1/2-1/2

[Event "?"]
[Site "?"]
[Date "????.??.??"]
[Round "?"]
[White "Flock, D."]
[Black "Checiak, K."]
[Result "1-0"]
[WhiteElo "1867"]
[BlackElo "2102"]
[PlyCount "49"]
[EventDate "2015.??.??"]

1. d4 Nf6 2. c4 g6 3. Nc3 Bg7 4. e4 d6 5. Nf3 O-O 6. Be2 e5 7. O-O Nc6 8. d5
Ne7 9. b4 a5 10. Ba3 axb4 11. Bxb4 b6 12. a4 Nh5 13. Re1 Nf4 14. Bf1 f5 15. a5
fxe4 16. Nxe4 bxa5 17. g3 Bg4 18. Bxa5 Bxf3 19. Bxc7 Qxc7 20. Qxf3 Rxa1 21.
Rxa1 Nh3+ 22. Kg2 Rxf3 23. Kxf3 Qd7 24. Ra8+ Bf8 25. Nf6+ 1-0

[Event "?"]
[Site "?"]
[Date "????.??.??"]
[Round "?"]
[White "Kaydanovich, M."]
[Black "Hoffmann, R."]
[Result "1-0"]
[WhiteElo "1831"]
[BlackElo "2048"]
[PlyCount "101"]
[EventDate "2015.??.??"]

1. d4 Nf6 2. c4 e6 3. Nc3 Bb4 4. f3 c5 5. d5 b5 6. e4 bxc4 7. Bxc4 exd5 8. exd5
O-O 9. Nge2 Ne8 10. O-O Nd6 11. Bd3 Ba6 12. Bf4 Bxd3 13. Qxd3 c4 14. Qc2 Na6
15. Ne4 Qb6+ 16. Kh1 Rfc8 17. a3 Nxe4 18. fxe4 Bf8 19. e5 Qg6 20. Rac1 Rab8 21.
e6 Rb7 22. exf7+ Qxf7 23. Nc3 Qg6 24. Qxg6 hxg6 25. Rc2 Nc5 26. Nd1 Nd3 27. Be3
a5 28. Bd2 a4 29. Rf3 Rb3 30. Bc3 Re8 31. Re3 Rc8 32. Re4 Bd6 33. g3 Rf8 34.
Kg2 Bc5 35. Rxc4 Rxc3 36. R2xc3 Ne1+ 37. Kh3 Bd6 38. Rc8 Rxc8 39. Rxc8+ Kf7 40.
Ra8 g5 41. Rxa4 Kf6 42. Re4 Nd3 43. b4 g4+ 44. Kxg4 g5 45. Kf3 Ne5+ 46. Ke2 Kf5
47. Nf2 g4 48. a4 Nf3 49. Rxg4 Nxh2 50. Rh4 Bxg3 51. Rh7 1-0

[Event "?"]
[Site "?"]
[Date "????.??.??"]
[Round "?"]
[White "Nerlikar, S."]
[Black "Krabbe, W."]
[Result "0-1"]
[WhiteElo "1479"]
[BlackElo "1869"]
[PlyCount "124"]
[EventDate "2015.??.??"]

1. d4 d5 2. Nf3 Nf6 3. e3 e6 4. Bd3 c5 5. b3 cxd4 6. exd4 Be7 7. O-O O-O 8.
Nbd2 Nc6 9. Bb2 Nb4 10. Be2 b6 11. a3 Nc6 12. Bd3 Bb7 13. Re1 Rc8 14. Ne5 Qc7
15. Rc1 Bd6 16. f4 Qe7 17. b4 g6 18. g4 a5 19. c3 Nd7 20. Ndf3 f6 21. Nxc6 Bxc6
22. f5 gxf5 23. Bxf5 e5 24. dxe5 fxe5 25. Qd2 Rc7 26. Ng5 Rf6 27. Nxh7 Rxf5 28.
gxf5 Qxh7 29. Rf1 Nf6 30. Rf2 Rg7+ 31. Rg2 Qxf5 32. Rxg7+ Kxg7 33. Qg2+ Qg6 34.
Rc2 Qxg2+ 35. Rxg2+ Kf7 36. Rf2 Ke6 37. Bc1 Ne4 38. Rf3 Bb5 39. bxa5 bxa5 40.
h4 Bc5+ 41. Kg2 Be2 42. Rh3 Bg4 43. Rd3 Nd6 44. Rg3 Bf5 45. h5 Nc4 46. h6 Bxa3
47. Bxa3 Nxa3 48. Rg7 Nb5 49. h7 Bxh7 50. Rxh7 Nxc3 51. Kf2 d4 52. Ke1 Kd5 53.
Kd2 a4 54. Ra7 Kc4 55. Rc7+ Kd5 56. Ra7 a3 57. Kc2 a2 58. Kb2 Ke4 59. Ra5 Kf4
60. Ka1 e4 61. Kb2 Ke3 62. Ra7 Kd3 0-1

[Event "?"]
[Site "?"]
[Date "????.??.??"]
[Round "?"]
[White "Tillmann, M."]
[Black "Scheffner, J."]
[Result "1-0"]
[WhiteElo "2039"]
[BlackElo "1675"]
[PlyCount "51"]
[EventDate "2015.??.??"]

1. d4 Nf6 2. c4 g6 3. Nc3 Bg7 4. e4 d6 5. Be2 O-O 6. Bg5 e5 7. dxe5 dxe5 8.
Qxd8 Rxd8 9. Bxf6 Bxf6 10. Nd5 Nd7 11. Rd1 Rf8 12. Nxc7 Rb8 13. Nd5 Bg7 14.
Ne7+ Kh8 15. Nxc8 Nc5 16. Nd6 Ne6 17. Nf3 Nf4 18. g3 Ne6 19. O-O Nc5 20. b3 f5
21. Rd5 Nd7 22. Rfd1 Nf6 23. Rc5 fxe4 24. Ng5 Ne8 25. Nxe8 Rfxe8 26. Rc7 1-0

[Event "?"]
[Site "?"]
[Date "????.??.??"]
[Round "?"]
[White "Mikhalionak, A."]
[Black "Strekalovski, V."]
[Result "1/2-1/2"]
[WhiteElo "1617"]
[BlackElo "1939"]
[PlyCount "70"]
[EventDate "2015.??.??"]

1. d4 c6 2. c4 Qc7 3. Nc3 d6 4. Nf3 Bg4 5. e4 Nd7 6. Be2 a6 7. Be3 e6 8. O-O
Be7 9. Rc1 Ngf6 10. a3 Bh5 11. b4 Bg6 12. Nd2 e5 13. f4 exf4 14. Bxf4 a5 15. c5
O-O 16. Kh1 Rfe8 17. cxd6 Bxd6 18. Nb5 Bxf4 19. Nxc7 Bxc7 20. e5 Nd5 21. Qb3
axb4 22. axb4 Bd8 23. Bc4 Bg5 24. Bxd5 cxd5 25. Rc7 Nf8 26. Nf3 Be7 27. Rxb7
Ne6 28. Qxd5 Nf4 29. Qb3 Rad8 30. Rc1 Be4 31. Rbc7 g5 32. h3 Ne6 33. Ra7 h6 34.
Qe3 Bg6 35. b5 Nf4 1/2-1/2

[Event "?"]
[Site "?"]
[Date "????.??.??"]
[Round "?"]
[White "Koenig, J."]
[Black "Chomu Clement, M."]
[Result "0-1"]
[WhiteElo "1640"]
[BlackElo "2120"]
[PlyCount "66"]
[EventDate "2015.??.??"]

1. d4 d5 2. Nf3 Nf6 3. Bg5 e6 4. e3 Be7 5. c3 O-O 6. Bd3 Nbd7 7. Nbd2 b6 8. O-O
c5 9. e4 c4 10. Bc2 Bb7 11. Re1 b5 12. exd5 Bxd5 13. Ne5 h6 14. Bh4 Rc8 15. Re3
Re8 16. f4 Ba8 17. f5 Nd5 18. Bxe7 Qxe7 19. Rg3 Nxe5 20. dxe5 Qc5+ 21. Kh1 Ne3
22. Qe2 Nxf5 23. Bxf5 exf5 24. Qh5 Qxe5 25. Nf3 Bxf3 26. gxf3 Rc6 27. Rag1 g5
28. h4 g4 29. f4 Qd5+ 30. Kh2 Re2+ 31. R1g2 Rxg2+ 32. Rxg2 Rg6 33. Rxg4 Rxg4
0-1

[Event "?"]
[Site "?"]
[Date "????.??.??"]
[Round "?"]
[White "Ulpins, H."]
[Black "Lebedev, S."]
[Result "0-1"]
[WhiteElo "1125"]
[BlackElo "1854"]
[PlyCount "66"]
[EventDate "2015.??.??"]

1. e4 d5 2. exd5 Qxd5 3. Nc3 Qd8 4. d4 Nf6 5. Nf3 Bg4 6. Be2 g6 7. h3 Bf5 8.
Bf4 c6 9. g4 Be4 10. Qd2 Bg7 11. Rg1 Bxf3 12. Bxf3 Nd5 13. Nxd5 cxd5 14. O-O-O
e6 15. h4 Nc6 16. c3 Na5 17. h5 Nc4 18. Qe2 g5 19. Bg3 h6 20. Bg2 Qa5 21. a3
Rc8 22. f4 Bf8 23. b4 Qxa3+ 24. Kb1 Qb3+ 25. Kc1 Qxc3+ 26. Qc2 Qa3+ 27. Kb1
Qxb4+ 28. Kc1 Nb6 29. Qxc8+ Nxc8 30. Rge1 Qc3+ 31. Kb1 Qxg3 32. Bxd5 Kd7 33.
Bxb7 Qb3+ 0-1

[Event "?"]
[Site "?"]
[Date "????.??.??"]
[Round "?"]
[White "Kohnen, K."]
[Black "Karpova, M."]
[Result "1/2-1/2"]
[WhiteElo "1510"]
[BlackElo "1781"]
[PlyCount "103"]
[EventDate "2015.??.??"]

1. e4 c6 2. d4 d5 3. exd5 cxd5 4. Bd3 Nf6 5. c3 Bg4 6. Nf3 Nc6 7. h3 Bxf3 8.
Qxf3 e6 9. Bf4 Bd6 10. Nd2 O-O 11. O-O Qc7 12. Bh6 Ne7 13. Bg5 Ne8 14. Qh5 g6
15. Qg4 Ng7 16. h4 f5 17. Qh3 Nh5 18. Nf3 Rae8 19. Rae1 Nc8 20. Ne5 Nb6 21. Re2
Nd7 22. Nf3 Bf4 23. g4 fxg4 24. Qxg4 Qd6 25. Rfe1 e5 26. dxe5 Nxe5 27. Nxe5
Bxe5 28. Re3 Bh2+ 29. Kg2 Rxe3 30. Rxe3 Be5 31. Qh3 Kg7 32. Be2 Nf4+ 33. Bxf4
Rxf4 34. Bd3 Qf6 35. Rf3 Qxh4 36. Rxf4 Qxh3+ 37. Kxh3 Bxf4 38. Kg4 Bc1 39. b3
Kf6 40. Be2 Bd2 41. c4 dxc4 42. Bxc4 h5+ 43. Kg3 g5 44. Bd5 b6 45. f3 Ke5 46.
Be4 Be1+ 47. Kg2 Kf4 48. Bc6 a5 49. a4 g4 50. fxg4 hxg4 51. Bd7 g3 52. Be6
1/2-1/2

[Event "?"]
[Site "?"]
[Date "????.??.??"]
[Round "?"]
[White "Napierala, M."]
[Black "Misic, A."]
[Result "1-0"]
[WhiteElo "1722"]
[BlackElo "1719"]
[PlyCount "79"]
[EventDate "2015.??.??"]

1. e4 e5 2. Nf3 Nc6 3. Bc4 Bc5 4. c3 h6 5. d4 exd4 6. cxd4 Bb4+ 7. Bd2 Bxd2+ 8.
Qxd2 d6 9. Nc3 Nf6 10. O-O O-O 11. Rad1 Bg4 12. Qf4 Bxf3 13. Qxf3 Nh7 14. Qf5
Ne7 15. Qh5 c6 16. f4 d5 17. exd5 Nf6 18. Qh3 Nexd5 19. Nxd5 Nxd5 20. Rf3 Qf6
21. Qg4 Qg6 22. Qh3 Qc2 23. Bb3 Qg6 24. f5 Qg5 25. Bxd5 cxd5 26. f6 g6 27. Rdf1
Rae8 28. Qd7 Qd2 29. Qxd5 Qxb2 30. Rg3 Rd8 31. Rxg6+ Kh7 32. Rg7+ Kh8 33. Qf5
Qxd4+ 34. Kh1 Qd3 35. Rh7+ Kg8 36. Qg4+ Qg6 37. Rg7+ Kh8 38. Rxg6 fxg6 39. Qxg6
Rg8 40. Qxh6# 1-0

[Event "?"]
[Site "?"]
[Date "????.??.??"]
[Round "?"]
[White "Zabolotny, V."]
[Black "Saraf, S."]
[Result "1-0"]
[WhiteElo "2018"]
[BlackElo "1579"]
[PlyCount "65"]
[EventDate "2015.??.??"]

1. c4 c5 2. g3 g6 3. Bg2 Bg7 4. Nc3 Nf6 5. Rb1 a6 6. a3 Nc6 7. b4 cxb4 8. axb4
d6 9. Nf3 O-O 10. O-O e5 11. d3 Rb8 12. b5 axb5 13. Nxb5 d5 14. Ba3 Re8 15. Nd6
Ra8 16. Nxe8 Rxa3 17. Nxg7 Kxg7 18. cxd5 Nxd5 19. Qc1 Nc3 20. Qxa3 Nxb1 21.
Rxb1 f6 22. Qc5 Ne7 23. Nd2 Nf5 24. Bxb7 Bxb7 25. Rxb7+ Kh6 26. Qc7 Qh8 27. Nf3
Nd4 28. Nxd4 exd4 29. Qf4+ g5 30. Qf5 Qg8 31. Rb6 Kh5 32. Rxf6 h6 33. Qh3# 1-0

[Event "World Disabled 2015"]
[Site "?"]
[Date "2015.10.22"]
[Round "5"]
[White "Smirnov, Alexey"]
[Black "Babarykin, Stanislav"]
[Result "1-0"]
[WhiteElo "2446"]
[BlackElo "2369"]
[PlyCount "48"]

1. c4 e5 2. d3 Nc6 3. a3 a5 4. Nc3 Nf6 5. Nf3 d5 6. cxd5 Nxd5 7. e3 g6 8. Be2
Bg7 9. Qc2 O-O 10. O-O b6 11. Bd2 Bb7 12. Rac1 Nxc3 13. Bxc3 Qe7 14. Rfd1 Rfd8
15. Rb1 Re8 16. b4 axb4 17. axb4 Rad8 18. b5 Nd4 19. exd4 exd4 20. Bd2 Qxe2 21.
Re1 Bxf3 22. Rxe2 Bxe2 23. f3 Re5 24. Re1 Ra8 1-0

[Event "?"]
[Site "?"]
[Date "????.??.??"]
[Round "?"]
[White "Zimmer, R."]
[Black "Mate, B."]
[Result "1/2-1/2"]
[WhiteElo "1985"]
[BlackElo "2121"]
[PlyCount "93"]
[EventDate "2015.??.??"]

1. e4 c5 2. Nf3 Nc6 3. d4 cxd4 4. Nxd4 Nf6 5. Nc3 g6 6. Be3 Bg7 7. f3 d5 8.
Nxc6 bxc6 9. exd5 Nxd5 10. Nxd5 Qxd5 11. Qxd5 cxd5 12. O-O-O e6 13. Bc5 Bd7 14.
f4 f6 15. g3 Kf7 16. Bg2 Rhc8 17. Ba3 Bf8 18. Bxf8 Kxf8 19. Rd2 Rab8 20. Re1
Kf7 21. Bh3 h5 22. Rde2 Re8 23. Re3 Rb7 24. R3e2 h4 25. b3 Rb6 26. Bg2 Bb5 27.
Rd2 Ra8 28. g4 Ba6 29. f5 Bb7 30. fxe6+ Rxe6 31. Red1 Rd8 32. c4 Red6 33. cxd5
Bc8 34. Rd4 g5 35. Kb2 f5 36. gxf5 Bxf5 37. R1d2 Kf6 38. b4 g4 39. Rf2 Kg5 40.
Rdf4 Bg6 41. Rd4 h3 42. Bh1 Re8 43. Rd1 Re3 44. Rfd2 Bf5 45. Rc1 Bd7 46. Rc4
Kf6 47. Rc3 1/2-1/2

[Event "?"]
[Site "?"]
[Date "????.??.??"]
[Round "?"]
[White "Gerasimov, A."]
[Black "Myronenko, N."]
[Result "1/2-1/2"]
[WhiteElo "2189"]
[BlackElo "1901"]
[PlyCount "58"]
[EventDate "2015.??.??"]

1. Nf3 d5 2. d4 Nf6 3. c4 e6 4. Nc3 Be7 5. Bf4 c6 6. e3 O-O 7. Rc1 Nbd7 8. h3
b6 9. Bd3 Bb7 10. cxd5 exd5 11. O-O c5 12. dxc5 bxc5 13. Qa4 Qb6 14. Rfd1 c4
15. Bf5 Nc5 16. Qb4 Bc6 17. Qxb6 axb6 18. Nd4 Bb7 19. Ndb5 Na4 20. Nxa4 Rxa4
21. a3 Bc6 22. Nd4 Bb7 23. Nb5 Bc6 24. Nd4 Bb7 25. Bc7 Bc5 26. Nb5 Bc6 27. Nc3
Ra5 28. Be5 Be7 29. Ne2 g6 1/2-1/2

[Event "?"]
[Site "?"]
[Date "????.??.??"]
[Round "?"]
[White "Varezhkin, V."]
[Black "Zabolotny, V."]
[Result "1-0"]
[WhiteElo "2267"]
[BlackElo "2018"]
[PlyCount "45"]
[EventDate "2015.??.??"]

1. e4 e5 2. Nf3 Nc6 3. d4 exd4 4. Nxd4 Nf6 5. Nxc6 bxc6 6. e5 Qe7 7. Qe2 Nd5 8.
c4 Ba6 9. g3 g6 10. b3 Bg7 11. Bb2 O-O 12. Bg2 Rae8 13. O-O f6 14. Qd2 Nb6 15.
Qa5 Bc8 16. Ba3 d6 17. exd6 cxd6 18. Bxc6 Bh3 19. Nc3 f5 20. Nd5 Nxd5 21. Rae1
Be5 22. Qxd5+ Kg7 23. f4 1-0

[Event "?"]
[Site "?"]
[Date "????.??.??"]
[Round "?"]
[White "Sponheim, M."]
[Black "Kononov, V."]
[Result "0-1"]
[WhiteElo "2024"]
[BlackElo "2096"]
[PlyCount "158"]
[EventDate "2015.??.??"]

1. e4 g6 2. d4 Bg7 3. Nc3 d6 4. f4 c5 5. Nf3 cxd4 6. Nxd4 Qb6 7. Nb3 Nf6 8. Be2
O-O 9. Bf3 a5 10. a4 Be6 11. Ra3 h5 12. Qe2 Rc8 13. Qe3 Qxe3+ 14. Bxe3 Ng4 15.
Bd2 Nc6 16. h3 Nb4 17. Bd1 Nh6 18. O-O f5 19. e5 dxe5 20. fxe5 Nf7 21. Nd4 Bc4
22. Re1 Rd8 23. Nf3 e6 24. Bf4 Bf8 25. Ra1 Be7 26. h4 Kg7 27. g3 Nh6 28. b3 Nd5
29. Bxh6+ Kxh6 30. Be2 Bxe2 31. Nxe2 g5 32. hxg5+ Bxg5 33. Nxg5 Kxg5 34. Nd4
Nc7 35. Rad1 Kg6 36. Kf2 Re8 37. Ne2 Re7 38. Rh1 Rh8 39. Nf4+ Kg5 40. Kf3 Nd5
41. Nxd5 exd5 42. Rxd5 Rhe8 43. c4 Rc8 44. Re1 Re6 45. Re3 Rh8 46. Rd4 Rhe8 47.
Rd6 Rxe5 48. Rxe5 Rxe5 49. Rb6 Re1 50. Rxb7 Rc1 51. Rb8 Rc3+ 52. Kg2 Rc2+ 53.
Kh3 Rc3 54. Rg8+ Kf6 55. Ra8 Rxb3 56. Ra6+ Kg5 57. Rxa5 h4 58. c5 Rxg3+ 59. Kh2
Rc3 60. Rb5 Kg4 61. a5 Rc2+ 62. Kg1 f4 63. Rb8 Rxc5 64. a6 Ra5 65. Ra8 Ra1+ 66.
Kf2 Ra2+ 67. Kg1 h3 68. a7 Kf3 69. Rh8 h2+ 70. Kh1 Rxa7 71. Kxh2 Kf2 72. Kh3 f3
73. Kh2 Re7 74. Rh6 Ke1 75. Ra6 f2 76. Ra1+ Ke2 77. Ra2+ Kf3 78. Ra3+ Re3 79.
Ra4 f1=Q 0-1

[Event "?"]
[Site "?"]
[Date "????.??.??"]
[Round "?"]
[White "Grigorchuk, S."]
[Black "Stachanczyk, J."]
[Result "1/2-1/2"]
[WhiteElo "2278"]
[BlackElo "2240"]
[PlyCount "137"]
[EventDate "2015.??.??"]

1. d4 Nf6 2. c4 c5 3. d5 e6 4. Nc3 exd5 5. cxd5 g6 6. Nf3 d6 7. e4 Bg7 8. Be2
O-O 9. O-O a6 10. a4 Bg4 11. Bf4 Bxf3 12. Bxf3 Qe7 13. Re1 Nbd7 14. h3 Rab8 15.
Be2 Ne8 16. Qd2 Nc7 17. Bf1 b5 18. axb5 axb5 19. Bg5 Bf6 20. Bxf6 Nxf6 21. Ra7
Qd8 22. b4 Re8 23. bxc5 dxc5 24. Qf4 b4 25. Rxc7 bxc3 26. Rxc5 Rb4 27. f3 Qb6
28. Qe3 c2 29. Rxc2 Qxe3+ 30. Rxe3 Nxd5 31. Rd3 Nf6 32. Rd6 Kg7 33. Rc7 Rb1 34.
Rdc6 Rd8 35. Rc1 Rb2 36. R7c2 Rb7 37. Kh2 Rdd7 38. Be2 h5 39. h4 Re7 40. Rc5
Ra7 41. R1c2 Rab7 42. Bb5 Ra7 43. Kg3 Rab7 44. Kf4 Ra7 45. g3 Rab7 46. R2c3 Ra7
47. Rc8 Rab7 48. R3c5 Ra7 49. Bc4 Ne8 50. Bd5 Nc7 51. Bc4 Ne6+ 52. Bxe6 Rxe6
53. R8c7 Rf6+ 54. Ke3 Ra3+ 55. Rc3 Ra5 56. Rd7 Ra1 57. f4 Rfa6 58. e5 Ra7 59.
e6 Kf6 60. f5 fxe6 61. Rxa7 Rxa7 62. fxg6 Ra4 63. Rc5 Kxg6 64. Rg5+ Kh6 65. Re5
Ra6 66. Kd4 Ra4+ 67. Kc5 Ra3 68. Rxe6+ Kh7 69. Re5 1/2-1/2

[Event "?"]
[Site "?"]
[Date "????.??.??"]
[Round "?"]
[White "Gedgafov, C."]
[Black "Chojnowski, M."]
[Result "1-0"]
[WhiteElo "2243"]
[BlackElo "2015"]
[PlyCount "53"]
[EventDate "2015.??.??"]

1. c4 Nf6 2. Nc3 e6 3. d4 Bb4 4. e3 b6 5. Nge2 Bb7 6. a3 Bxc3+ 7. Nxc3 d6 8.
Bd3 c5 9. O-O O-O 10. b3 a6 11. Bb2 Nbd7 12. dxc5 dxc5 13. Qe2 Ne5 14. Bc2 Qc7
15. f4 Nc6 16. Rf3 e5 17. Nd5 Qd8 18. Nxf6+ Qxf6 19. fxe5 Qe7 20. Bxh7+ Kxh7
21. Rh3+ Kg8 22. Qh5 f6 23. exf6 gxf6 24. Rg3+ Qg7 25. Rxg7+ Kxg7 26. Qg5+ Kf7
27. Qxf6+ 1-0